000 00305nam a22001337a 4500
003 SGT
082 _a617.6342
_bE25K
100 _aKhushbu
245 _aEnhancing Endodontic success
260 _bSGT University
_c2024
300 _a95
650 _aConservative Dentistry & Endodontics
942 _2ddc
_cTH
999 _c31387
_d31387